000 004730000a22001810004500
003 MACL
005 20151001180138.0
008 151001b xxu||||| |||| 00| 0 eng d
040 _aMACL
_cMACL
041 _aEnglish
082 _a900/ana
100 _aBiswas, Prasenjit
_913204
245 _aEthnic Life Worlds in North East India
_bAn Analysis
260 _bSage Publications
_c2008
_aNew Delhi
350 _a595
650 _aHistory
_913205
942 _cBK
_k900/BIS
_2ddc
999 _c42663
_d42663